[Event "AUT-chT2W 1516"]
[Site "Austria"]
[Date "2016.03.06"]
[Round "11.5"]
[White "Berger, Kaspar"]
[Black "Klocker, Benedikt"]
[Result "0-1"]
[WhiteElo "2051"]
[BlackElo "2193"]
[PlyCount "82"]
[EventDate "2015.10.16"]
[EventType "team-tourn"]
[EventRounds "11"]
[EventCountry "AUT"]
[SourceTitle "EXT 2017"]
[Source "ChessBase"]
[SourceDate "2016.10.25"]
[SourceVersion "1"]
[SourceVersionDate "2016.10.25"]
[SourceQuality "1"]
[WhiteTeam "Bernhard II"]
[BlackTeam "Dornbirn"]
[WhiteTeamCountry "AUT"]
[BlackTeamCountry "AUT"]

1. e4 c5 2. Nf3 d6 3. d4 cxd4 4. Nxd4 Nf6 5. Nc3 g6 6. Be3 Bg7 7. Be2 0-0 8. Qd2 Nc6 9. f3 d5 10. Nxc6 bxc6 11. e5 Nd7 12. f4 Qa5 13. a3 e6 14. b4 Qc7 15. 0-0 Rd8 16. Na4 Bf8 17. h4 a5 18. c3 Ba6 19. g4 Rdc8 20. Nc5 Nxc5 21. bxc5 Qa7 22. Bxa6 Bxc5 23. Rf3 Bxe3+ 24. Rxe3 Qxa6 25. f5 Qc4 26. Rg3 exf5 27. Rf1 Rab8 28. gxf5 Qxh4 29. Qf2 g5 30. f6 Rb2 31. Qxb2 Qxg3+ 32. Kh1 Qxe5 33. Qb7 Qc7 34. Qb1 Re8 35. Qf5 Qe5 36. Qd7 Qe6 37. Qb7 h6 38. Qa6 Qh3+ 39. Kg1 Re4 40. Qa8+ Kh7 41. Qf8 Qg3+ 0-1

[Event "Oberwart op-A 34th"]
[Site "Oberwart"]
[Date "2012.07.15"]
[Round "9"]
[White "Ly, Daniel"]
[Black "Klocker, Benedikt"]
[Result "0-1"]
[WhiteElo "2069"]
[BlackElo "2253"]
[PlyCount "42"]
[EventDate "2012.07.07"]
[EventType "swiss"]
[EventRounds "9"]
[EventCountry "AUT"]
[SourceTitle "CBM 149 Extra"]
[Source "ChessBase"]
[SourceDate "2012.08.24"]
[SourceVersion "1"]
[SourceVersionDate "2012.08.24"]
[SourceQuality "1"]

1. e4 c5 2. Nf3 d6 3. d4 cxd4 4. Nxd4 Nf6 5. Nc3 g6 6. Be3 Bg7 7. f3 0-0 8. Qd2 Nc6 9. Bc4 Bd7 10. 0-0-0 Rc8 11. Bb3 Ne5 12. g4 Nc4 13. Bxc4 Rxc4 14. h4 Qa5 15. h5 Rfc8 16. Nb3 Qa6 17. hxg6 fxg6 18. e5 Ne8 19. exd6 Rxc3 20. Nc5 R3xc5 21. Bxc5 Rxc5 0-1

[Event "Oberwart op-A 34th"]
[Site "Oberwart"]
[Date "2012.07.13"]
[Round "7"]
[White "Klocker, Benedikt"]
[Black "Gstach, Jakob"]
[Result "1/2-1/2"]
[WhiteElo "2253"]
[BlackElo "2087"]
[PlyCount "93"]
[EventDate "2012.07.07"]
[EventType "swiss"]
[EventRounds "9"]
[EventCountry "AUT"]
[SourceTitle "CBM 149 Extra"]
[Source "ChessBase"]
[SourceDate "2012.08.24"]
[SourceVersion "1"]
[SourceVersionDate "2012.08.24"]
[SourceQuality "1"]

1. d4 g6 2. c4 Bg7 3. g3 d6 4. Bg2 e5 5. dxe5 dxe5 6. Qxd8+ Kxd8 7. Nc3 c6 8. Ne4 Kc7 9. c5 Nf6 10. Nd6 Be6 11. Nf3 Ne8 12. Nxe8+ Rxe8 13. Ng5 Na6 14. Nxe6+ Rxe6 15. Be3 Nb4 16. Rc1 Nxa2 17. Rc4 b5 18. cxb6+ axb6 19. Bd5 Rd6 20. Bxf7 Rd7 21. Be6 Rd6 22. Bh3 b5 23. Rh4 Nc3 24. Kf1 Nd1 25. Rxh7 Nxe3+ 26. fxe3 Rg8 27. Kg2 Kb6 28. Rf1 Bf6 29. Rd7 Rd8 30. Rxd8 Bxd8 31. Rf7 c5 32. Kf3 c4 33. Rd7 Rxd7 34. Bxd7 e4+ 35. Kxe4 Bf6 36. b3 cxb3 37. Kd3 g5 38. Be6 b2 39. Kc2 Kc5 40. Kb1 Bc3 41. h4 gxh4 42. gxh4 Bd2 43. Kxb2 Bxe3 44. Kc3 Kd6 45. Bb3 Ke5 46. Kb4 Kf6 47. Kxb5 1/2-1/2

[Event "Oberwart op-A 34th"]
[Site "Oberwart"]
[Date "2012.07.12"]
[Round "6"]
[White "Sepetavc, Walter"]
[Black "Klocker, Benedikt"]
[Result "1/2-1/2"]
[WhiteElo "2010"]
[BlackElo "2253"]
[PlyCount "57"]
[EventDate "2012.07.07"]
[EventType "swiss"]
[EventRounds "9"]
[EventCountry "AUT"]
[SourceTitle "CBM 149 Extra"]
[Source "ChessBase"]
[SourceDate "2012.08.24"]
[SourceVersion "1"]
[SourceVersionDate "2012.08.24"]
[SourceQuality "1"]

1. e4 c5 2. Nf3 d6 3. d4 cxd4 4. Nxd4 Nf6 5. Nc3 g6 6. f4 Nc6 7. Nxc6 bxc6 8. e5 Bg4 9. Be2 Bxe2 10. Qxe2 dxe5 11. fxe5 Nd5 12. e6 f6 13. Nxd5 Qxd5 14. 0-0 Bg7 15. Bf4 f5 16. Rad1 Qc5+ 17. Kh1 Bxb2 18. Bh6 Bd4 19. Qd3 Rd8 20. Be3 Qb6 21. Bxd4 c5 22. Bxc5 Rxd3 23. Bxb6 Rxd1 24. Rxd1 axb6 25. Rd7 0-0 26. Rxe7 Rc8 27. Rb7 Rxc2 28. h4 Kf8 29. Rxb6 1/2-1/2

[Event "Oberwart op-A 34th"]
[Site "Oberwart"]
[Date "2012.07.11"]
[Round "5"]
[White "Klocker, Benedikt"]
[Black "Hapala, Elisabeth"]
[Result "1/2-1/2"]
[WhiteElo "2253"]
[BlackElo "1956"]
[PlyCount "91"]
[EventDate "2012.07.07"]
[EventType "swiss"]
[EventRounds "9"]
[EventCountry "AUT"]
[SourceTitle "CBM 149 Extra"]
[Source "ChessBase"]
[SourceDate "2012.08.24"]
[SourceVersion "1"]
[SourceVersionDate "2012.08.24"]
[SourceQuality "1"]

1. d4 d5 2. c4 c6 3. Nf3 Nf6 4. e3 Bg4 5. Qb3 Qb6 6. Nbd2 e6 7. Bd3 Be7 8. 0-0 Nbd7 9. Qc2 Bh5 10. b3 Bg6 11. e4 dxe4 12. Nxe4 0-0 13. Bf4 Nxe4 14. Bxe4 Bxe4 15. Qxe4 Nf6 16. Qe2 Rad8 17. Rad1 Rfe8 18. Rd3 c5 19. Rfd1 cxd4 20. Be5 Nd7 21. Bxd4 Bc5 22. Qd2 Re7 23. Qg5 e5 24. Bxe5 f6 25. Qg4 fxe5 26. Rxd7 Rdxd7 27. Rxd7 Rxd7 28. Qxd7 Bxf2+ 29. Kf1 h6 30. Qc8+ Kh7 31. Qf5+ Kg8 32. Nxe5 Qe3 33. Nf3 Kh8 34. Qc8+ Kh7 35. Qxb7 Qc5 36. Qe4+ Kh8 37. Qe2 Be3 38. b4 Qe7 39. c5 Qe4 40. c6 Qb1+ 41. Qe1 Qd3+ 42. Qe2 Qb1+ 43. Ne1 Qf5+ 44. Qf3 Qb5+ 45. Qe2 Qf5+ 46. Nf3 1/2-1/2

[Event "Oberwart op-A 34th"]
[Site "Oberwart"]
[Date "2012.07.08"]
[Round "2"]
[White "Klocker, Benedikt"]
[Black "Nemeth, Miklos"]
[Result "0-1"]
[WhiteElo "2253"]
[BlackElo "2447"]
[PlyCount "80"]
[EventDate "2012.07.07"]
[EventType "swiss"]
[EventRounds "9"]
[EventCountry "AUT"]
[SourceTitle "CBM 149 Extra"]
[Source "ChessBase"]
[SourceDate "2012.08.24"]
[SourceVersion "1"]
[SourceVersionDate "2012.08.24"]
[SourceQuality "1"]

1. d4 Nf6 2. c4 e6 3. g3 d5 4. Nf3 dxc4 5. Bg2 a6 6. Nc3 Nc6 7. e3 Nd5 8. a4 Rb8 9. 0-0 Be7 10. e4 Nxc3 11. bxc3 Na5 12. Ne5 0-0 13. Qe2 Bd7 14. Ra2 Bd6 15. Qh5 b6 16. Qg4 Re8 17. Bh6 Bf8 18. Bg5 Be7 19. Bh6 g6 20. f4 Nc6 21. f5 Nxe5 22. dxe5 exf5 23. exf5 Bc5+ 24. Kh1 Rxe5 25. Rd2 Qe8 26. Qxc4 Bxf5 27. Bf4 b5 28. axb5 axb5 29. Qa2 Re1 30. Rd1 Rxd1 31. Rxd1 Rd8 32. Rf1 Bd3 33. Ra1 Qe7 34. Qa5 Bb6 35. Qa2 Be4 36. Qe2 Bxg2+ 37. Qxg2 Qc5 38. Bd2 Kg7 39. Rf1 Qd5 40. Rd1 Be3 0-1

[Event "Cesenatico op 15th"]
[Site "Cesenatico"]
[Date "2011.09.10"]
[Round "9"]
[White "Klocker, Benedikt"]
[Black "Galdunts, Sergey"]
[Result "0-1"]
[WhiteElo "2231"]
[BlackElo "2462"]
[PlyCount "108"]
[EventDate "2011.09.03"]
[EventType "swiss"]
[EventRounds "9"]
[EventCountry "ITA"]
[SourceTitle "CBM 144 Extra"]
[Source "ChessBase"]
[SourceDate "2011.10.28"]
[SourceVersion "1"]
[SourceVersionDate "2011.10.28"]
[SourceQuality "1"]

1. d4 d5 2. c4 e6 3. Nf3 c6 4. e3 Bd6 5. b3 f5 6. Bd3 Nf6 7. 0-0 Qe7 8. Bb2 0-0 9. Qc1 Nbd7 10. Ba3 Ne4 11. Bxd6 Nxd6 12. Nbd2 Ne4 13. Qc2 Rf6 14. Rfe1 Rh6 15. Nf1 b6 16. N3d2 Bb7 17. f3 Nxd2 18. Qxd2 Rf8 19. e4 dxe4 20. fxe4 Qd6 21. Qe3 c5 22. dxc5 Nxc5 23. Rad1 Qc6 24. Nd2 fxe4 25. Bxe4 Nxe4 26. Qxe4 Qc5+ 27. Qe3 Rg6 28. g3 Qc6 29. Qe4 Qc5+ 30. Qe3 Qc6 31. Qe4 Qc8 32. Qe3 Rg4 33. Qxe6+ Qxe6 34. Rxe6 Rd4 35. Re2 Bf3 36. Nxf3 Rxd1+ 37. Kg2 Rfd8 38. Re7 R1d7 39. Re5 Kf8 40. Ng5 Rd2+ 41. Kh3 R8d7 42. Nxh7+ Kf7 43. a4 Re7 44. Rb5 Kg6 45. Nf8+ Kh6 46. Rd5 Rxd5 47. cxd5 Kg5 48. Ne6+ Kf6 49. Nd8 Rd7 50. Nc6 a5 51. b4 axb4 52. Nxb4 Ra7 53. d6 Ke6 54. d7 Rxd7 0-1

[Event "Cesenatico op 15th"]
[Site "Cesenatico"]
[Date "2011.09.09"]
[Round "8"]
[White "MacQueen, Calum"]
[Black "Klocker, Benedikt"]
[Result "1/2-1/2"]
[WhiteElo "2158"]
[BlackElo "2231"]
[PlyCount "89"]
[EventDate "2011.09.03"]
[EventType "swiss"]
[EventRounds "9"]
[EventCountry "ITA"]
[SourceTitle "CBM 144 Extra"]
[Source "ChessBase"]
[SourceDate "2011.10.28"]
[SourceVersion "1"]
[SourceVersionDate "2011.10.28"]
[SourceQuality "1"]

1. d4 Nf6 2. c4 g6 3. Nc3 Bg7 4. e4 d6 5. Be2 0-0 6. Nf3 e5 7. Be3 Nc6 8. d5 Ne7 9. Nd2 Ne8 10. c5 f5 11. f3 Rf7 12. Qb3 f4 13. Bf2 g5 14. h3 Ng6 15. 0-0-0 Nh4 16. Rhg1 Bf8 17. cxd6 cxd6 18. Kb1 Nf6 19. Nc4 Rg7 20. Nb5 a6 21. Nb6 Rb8 22. Na3 h5 23. Nac4 Ng6 24. Nxc8 Rxc8 25. Nb6 Rcc7 26. Rc1 g4 27. hxg4 hxg4 28. Rxc7 Rxc7 29. Nc4 Rh7 30. fxg4 Nxe4 31. Bd3 Nxf2 32. Bxg6 Rg7 33. Bf5 Qh4 34. Nd2 Nxg4 35. Nf3 Qh5 36. Be6+ Kh8 37. Qc2 Ne3 38. Qc8 Qh7+ 39. Ka1 Nc2+ 40. Kb1 Nd4+ 41. Ka1 Nxe6 42. Qxe6 e4 43. Qc8 Kg8 44. Qe6+ Kh8 45. Qc8 1/2-1/2

[Event "AUT-ch"]
[Site "Linz"]
[Date "2011.07.23"]
[Round "1"]
[White "Schwabeneder, Alois"]
[Black "Klocker, Benedikt"]
[Result "0-1"]
[WhiteElo "2061"]
[BlackElo "2218"]
[PlyCount "68"]
[EventDate "2011.07.23"]
[EventType "swiss"]
[EventRounds "9"]
[EventCountry "AUT"]
[SourceTitle "CBM 143 Extra"]
[Source "ChessBase"]
[SourceDate "2011.08.29"]
[SourceVersion "1"]
[SourceVersionDate "2011.08.29"]
[SourceQuality "1"]

1. Nf3 Nf6 2. c4 g6 3. Nc3 Bg7 4. d4 0-0 5. e4 d6 6. Be2 e5 7. dxe5 dxe5 8. Qxd8 Rxd8 9. Nxe5 Nxe4 10. Nxf7 Bxc3+ 11. bxc3 Kxf7 12. Bf3 Re8 13. 0-0 Nd7 14. g4 b6 15. Bf4 Bb7 16. Rad1 Re7 17. Bxc7 Ndc5 18. Bd8 Re8 19. Bh4 g5 20. Bg3 Nxg3 21. fxg3 Bxf3 22. Rxf3+ Kg6 23. h4 Rad8 24. Rd5 h6 25. Kg2 Re2+ 26. Kf1 Rde8 27. Rff5 Re1+ 28. Kf2 R1e5 29. Kf3 Rxd5 30. cxd5 Ne4 31. h5+ Kg7 32. Ke3 Nxg3+ 33. Kd4 Nxf5+ 34. gxf5 Kf6 0-1

[Event "Oberwart op"]
[Site "Oberwart"]
[Date "2011.07.17"]
[Round "9"]
[White "Klocker, Benedikt"]
[Black "Anton, Teodor"]
[Result "0-1"]
[WhiteElo "2218"]
[BlackElo "2355"]
[PlyCount "62"]
[EventDate "2011.07.09"]
[EventType "swiss"]
[EventRounds "9"]
[EventCountry "AUT"]
[SourceTitle "CBM 143 Extra"]
[Source "ChessBase"]
[SourceDate "2011.08.29"]
[SourceVersion "1"]
[SourceVersionDate "2011.08.29"]
[SourceQuality "1"]

1. d4 g6 2. c4 Bg7 3. Nf3 d6 4. g3 Nd7 5. Bg2 e5 6. e4 Ne7 7. 0-0 0-0 8. Re1 exd4 9. Nxd4 Nc6 10. Be3 Nde5 11. Na3 Qf6 12. Ndb5 Bg4 13. Qb3 Nf3+ 14. Bxf3 Qxf3 15. Bf4 Qxb3 16. axb3 Rac8 17. Nc2 Bxb2 18. Ra2 Bg7 19. Ne3 Bh3 20. Nd5 a6 21. Nbxc7 Rfd8 22. c5 dxc5 23. Rc1 Rd7 24. Rxc5 g5 25. Bxg5 Rcxc7 26. Rd2 Rc8 27. f4 Re8 28. f5 Rxe4 29. f6 Bf8 30. Ne7+ Bxe7 31. fxe7 Rxd2 0-1

[Event "Oberwart op"]
[Site "Oberwart"]
[Date "2011.07.15"]
[Round "7"]
[White "Klocker, Benedikt"]
[Black "Schachinger, Mario"]
[Result "0-1"]
[WhiteElo "2218"]
[BlackElo "2360"]
[PlyCount "68"]
[EventDate "2011.07.09"]
[EventType "swiss"]
[EventRounds "9"]
[EventCountry "AUT"]
[SourceTitle "CBM 143 Extra"]
[Source "ChessBase"]
[SourceDate "2011.08.29"]
[SourceVersion "1"]
[SourceVersionDate "2011.08.29"]
[SourceQuality "1"]

1. d4 d5 2. c4 e6 3. Nf3 Nf6 4. g3 dxc4 5. Bg2 a6 6. 0-0 Nc6 7. e3 Bd7 8. Qe2 b5 9. Ne5 Nd5 10. Nxd7 Qxd7 11. Rd1 Rd8 12. a4 Bb4 13. Bd2 0-0 14. Nc3 Na5 15. axb5 axb5 16. Ne4 Nb3 17. Bxb4 Nxb4 18. Nc5 Nxc5 19. dxc5 Qe7 20. c6 Qc5 21. Rd7 Nxc6 22. Rxc7 Rc8 23. Raa7 Qxa7 24. Rxa7 Nxa7 25. Qd2 Rb8 26. Qd7 Nc8 27. Bb7 Nb6 28. Qc6 Nc8 29. Qc7 Nd6 30. Ba6 Rfd8 31. Qc5 b4 32. e4 c3 33. bxc3 Nxe4 34. Qe3 Nxc3 0-1

[Event "Oberwart op"]
[Site "Oberwart"]
[Date "2011.07.13"]
[Round "5"]
[White "Klocker, Benedikt"]
[Black "Wallner, Joachim"]
[Result "1-0"]
[WhiteElo "2218"]
[BlackElo "2328"]
[PlyCount "79"]
[EventDate "2011.07.09"]
[EventType "swiss"]
[EventRounds "9"]
[EventCountry "AUT"]
[SourceTitle "CBM 143 Extra"]
[Source "ChessBase"]
[SourceDate "2011.08.29"]
[SourceVersion "1"]
[SourceVersionDate "2011.08.29"]
[SourceQuality "1"]

1. d4 d5 2. c4 c6 3. Nf3 Nf6 4. e3 Bg4 5. Nbd2 e6 6. Bd3 Nbd7 7. Qc2 Bh5 8. b3 Be7 9. Bb2 Rc8 10. 0-0 Bg6 11. Rfe1 Bxd3 12. Qxd3 0-0 13. Rad1 Qa5 14. Qb1 Rfd8 15. e4 dxe4 16. Nxe4 Nxe4 17. Rxe4 Bf6 18. Re3 Nf8 19. Ne5 Qc7 20. Ng4 Bg5 21. Rf3 Ng6 22. Qe4 Rd7 23. g3 h5 24. Ne3 Rcd8 25. h4 Bxe3 26. fxe3 Ne5 27. Rf4 f5 28. Qc2 Ng4 29. Re1 e5 30. dxe5 Rd2 31. Qxf5 Rxb2 32. Qe6+ Kh8 33. Rf5 Nh6 34. Rxh5 Rf8 35. g4 Rf6 36. Qe8+ Kh7 37. g5 Qa5 38. Rd1 Qc3 39. exf6 Qc2 40. Rxh6+ 1-0

[Event "Oberwart op"]
[Site "Oberwart"]
[Date "2011.07.10"]
[Round "2"]
[White "Kovacevic, Blazimir"]
[Black "Klocker, Benedikt"]
[Result "1-0"]
[WhiteElo "2480"]
[BlackElo "2218"]
[PlyCount "69"]
[EventDate "2011.07.09"]
[EventType "swiss"]
[EventRounds "9"]
[EventCountry "AUT"]
[SourceTitle "CBM 143 Extra"]
[Source "ChessBase"]
[SourceDate "2011.08.29"]
[SourceVersion "1"]
[SourceVersionDate "2011.08.29"]
[SourceQuality "1"]

1. c4 Nf6 2. Nc3 g6 3. g3 Bg7 4. Bg2 0-0 5. e4 d6 6. Nge2 c5 7. 0-0 Nc6 8. d3 Ne8 9. Be3 Nd4 10. Rb1 a5 11. Qd2 Nc7 12. Bh6 e5 13. Bxg7 Kxg7 14. f4 Rb8 15. Nxd4 cxd4 16. Ne2 Na6 17. f5 f6 18. h4 b5 19. g4 h6 20. cxb5 Rxb5 21. fxg6 Bxg4 22. Ng3 Kxg6 23. Kh2 Nc5 24. Bh3 Bxh3 25. Kxh3 d5 26. exd5 f5 27. Nxf5 Rxf5 28. Rxf5 Qd7 29. Rg1+ Kh7 30. Rgf1 e4 31. Kh2 e3 32. Qe2 Qd6+ 33. Kh1 Nd7 34. Qg2 Kh8 35. Rg1 1-0

[Event "AUT-chT2W 1011"]
[Site "Austria"]
[Date "2010.11.27"]
[Round "5"]
[White "Menacher, Manfred"]
[Black "Klocker, Benedikt"]
[Result "1-0"]
[WhiteElo "2290"]
[BlackElo "2211"]
[PlyCount "75"]
[EventDate "2010.10.15"]
[EventType "team-tourn"]
[EventRounds "11"]
[EventCountry "AUT"]
[SourceTitle "EXT 2012"]
[Source "ChessBase"]
[SourceDate "2011.11.24"]
[SourceVersion "1"]
[SourceVersionDate "2011.11.24"]
[SourceQuality "1"]
[WhiteTeam "Ranshofen"]
[BlackTeam "Dornbirn"]
[WhiteTeamCountry "AUT"]
[BlackTeamCountry "AUT"]

1. Nf3 Nf6 2. d4 g6 3. g3 Bg7 4. Bg2 0-0 5. 0-0 d6 6. c4 c5 7. Nc3 Nc6 8. d5 Na5 9. Nd2 Rb8 10. Qc2 a6 11. b3 b5 12. Bb2 Nd7 13. Rab1 bxc4 14. bxc4 Ne5 15. Nd1 e6 16. f4 Nd7 17. Bxg7 Kxg7 18. Rxb8 Nxb8 19. Qc3+ f6 20. e4 Nb7 21. Ne3 exd5 22. cxd5 Nd7 23. Rb1 Re8 24. Ndc4 Qc7 25. Qa3 Nd8 26. Kf2 Re7 27. Qa4 Nf7 28. Na5 f5 29. Nc6 Re8 30. Qc2 Nf6 31. Qc3 Bd7 32. h3 Nd8 33. Nxd8 Qxd8 34. e5 dxe5 35. fxe5 Bb5 36. exf6+ Qxf6 37. Qxf6+ Kxf6 38. Bf1 1-0

[Event "Cesenatico op 14th"]
[Site "Cesenatico"]
[Date "2010.09.04"]
[Round "6"]
[White "Klocker, Benedikt"]
[Black "Salzano, Guido"]
[Result "1-0"]
[WhiteElo "2190"]
[BlackElo "1998"]
[PlyCount "57"]
[EventDate "2010.08.30"]
[EventType "swiss"]
[EventRounds "9"]
[EventCountry "ITA"]
[SourceTitle "CBM 138 Extra"]
[Source "ChessBase"]
[SourceDate "2010.10.29"]
[SourceVersion "1"]
[SourceVersionDate "2010.10.29"]
[SourceQuality "1"]

1. e4 c5 2. Nf3 Nc6 3. d4 cxd4 4. Nxd4 Nf6 5. Nc3 e5 6. Ndb5 d6 7. Bg5 a6 8. Na3 b5 9. Bxf6 gxf6 10. Nd5 Bg7 11. c3 f5 12. exf5 Bxf5 13. Nc2 0-0 14. Nce3 Be6 15. Bd3 f5 16. Qh5 e4 17. Bc2 Ne5 18. Rd1 Ng6 19. g4 Nh4 20. gxf5 Bxf5 21. Nxf5 Rxf5 22. Qg4 Nf3+ 23. Kf1 Re5 24. Bxe4 Ng5 25. Bg2 Ra7 26. f4 Rf7 27. Kg1 Rxd5 28. Bxd5 Qb6+ 29. Kg2 1-0

[Event "Latschach op 26th"]
[Site "Latschach"]
[Date "2010.08.17"]
[Round "5"]
[White "Klocker, Benedikt"]
[Black "Pirs, Matjaz"]
[Result "1/2-1/2"]
[WhiteElo "2211"]
[BlackElo "1934"]
[PlyCount "119"]
[EventDate "2010.08.14"]
[EventType "swiss"]
[EventRounds "9"]
[EventCountry "AUT"]
[SourceTitle "CBM 138 Extra"]
[Source "ChessBase"]
[SourceDate "2010.10.29"]
[SourceVersion "1"]
[SourceVersionDate "2010.10.29"]
[SourceQuality "1"]

1. e4 d5 2. exd5 Nf6 3. d4 Nxd5 4. c4 Nb6 5. Nf3 Bf5 6. Nc3 e6 7. c5 N6d7 8. Bc4 Be7 9. Be3 0-0 10. 0-0 Nf6 11. Qb3 Qc8 12. Nh4 Bg6 13. Nxg6 hxg6 14. d5 exd5 15. Nxd5 Nxd5 16. Bxd5 c6 17. Be4 Nd7 18. Rac1 g5 19. f4 Nf6 20. Bb1 Qe6 21. Qxe6 fxe6 22. fxg5 Nd5 23. Bd2 Rxf1+ 24. Kxf1 Rf8+ 25. Ke1 Nf4 26. Be4 Bxg5 27. g3 Nh3 28. Bxg5 Nxg5 29. Bg2 Kf7 30. b4 Ke7 31. b5 Nf3+ 32. Bxf3 Rxf3 33. bxc6 bxc6 34. Rb1 Ra3 35. Rb7+ Kf6 36. Rc7 Ra6 37. a4 g5 38. h4 gxh4 39. gxh4 Ke5 40. h5 Kd5 41. h6 Rxa4 42. h7 Rh4 43. Rxa7 Kxc5 44. Kf2 Kd5 45. Rd7+ Ke5 46. Rc7 Kd6 47. Ra7 c5 48. Ke3 Kd5 49. Rd7+ Kc4 50. Rc7 Kb4 51. Kd3 Kb5 52. Re7 e5 53. Rxe5 Rxh7 54. Re3 Ra7 55. Kc2 c4 56. Rh3 Ra2+ 57. Kc1 Rf2 58. Rg3 Kb4 59. Rh3 Ra2 60. Rg3 1/2-1/2

[Event "Oberwart op"]
[Site "Oberwart"]
[Date "2010.07.18"]
[Round "9"]
[White "Nemeth, Miklos"]
[Black "Klocker, Benedikt"]
[Result "1-0"]
[WhiteElo "2476"]
[BlackElo "2211"]
[PlyCount "104"]
[EventDate "2010.07.10"]
[EventType "swiss"]
[EventRounds "9"]
[EventCountry "AUT"]
[SourceTitle "CBM 137 Extra"]
[Source "ChessBase"]
[SourceDate "2010.09.01"]
[SourceVersion "1"]
[SourceVersionDate "2010.09.01"]
[SourceQuality "1"]

1. e4 c5 2. Nf3 d6 3. d4 cxd4 4. Nxd4 Nf6 5. f3 g6 6. c4 Bg7 7. Nc3 0-0 8. Be3 Nc6 9. Qd2 Bd7 10. Be2 Rc8 11. 0-0 Re8 12. Rfd1 Ne5 13. b3 a6 14. Rac1 Qa5 15. h3 Nc6 16. Bf1 Red8 17. Qf2 Rb8 18. a4 Qb4 19. Na2 Qa3 20. Rc3 Nxd4 21. Bxd4 b5 22. c5 Be6 23. c6 Rdc8 24. axb5 axb5 25. Nc1 Qa8 26. c7 Rb7 27. b4 Qa4 28. Qc2 Qxc2 29. Rxc2 Rbxc7 30. Rxc7 Rxc7 31. Bxb5 Rb7 32. Bf1 Rxb4 33. Bc3 Rb8 34. Ne2 Nd7 35. Nd4 h5 36. Be1 Nc5 37. Nc6 Rb7 38. Bf2 Bf6 39. e5 Bg7 40. Nxe7+ Rxe7 41. exd6 Rd7 42. Bxc5 Bf8 43. Ba6 Rd8 44. Kf2 f6 45. Rd4 Kf7 46. Ke3 Ba2 47. Rd2 Bb3 48. Rd3 Ba2 49. Rd2 Bb3 50. Bd3 f5 51. Rb2 Bd5 52. Rb6 Ke6 1-0

[Event "Oberwart op"]
[Site "Oberwart"]
[Date "2010.07.13"]
[Round "4"]
[White "Klocker, Benedikt"]
[Black "Zelcic, Robert"]
[Result "0-1"]
[WhiteElo "2211"]
[BlackElo "2554"]
[PlyCount "76"]
[EventDate "2010.07.10"]
[EventType "swiss"]
[EventRounds "9"]
[EventCountry "AUT"]
[SourceTitle "CBM 137 Extra"]
[Source "ChessBase"]
[SourceDate "2010.09.01"]
[SourceVersion "1"]
[SourceVersionDate "2010.09.01"]
[SourceQuality "1"]

1. e4 c6 2. d4 d5 3. exd5 cxd5 4. c4 Nf6 5. Nc3 g6 6. Qb3 Bg7 7. cxd5 0-0 8. Nge2 a5 9. Nf4 g5 10. Nfe2 a4 11. Nxa4 Nxd5 12. Bxg5 Nc6 13. Nac3 Ndb4 14. Rd1 Bf5 15. Rd2 Nd3+ 16. Rxd3 Bxd3 17. d5 Qa5 18. dxc6 Qxg5 19. cxb7 Rad8 20. g3 Bc4 21. Qc2 Bd5 22. Nxd5 Qxd5 23. Rg1 Bxb2 24. Bg2 Qa5+ 25. Kf1 Rd2 26. Qb3 Qxa2 27. Bd5 Qxb3 28. Bxb3 Rb8 29. g4 Be5 30. f4 Rxb7 31. Rg3 Bd6 32. Rc3 Rb4 33. Ng3 Rxf4+ 34. Ke1 Rff2 35. Rc8+ Kg7 36. Nh5+ Kh6 37. Bxf7 Bb4 38. Rc6+ Kg5 0-1

[Event "Oberwart op-A"]
[Site "Oberwart"]
[Date "2009.07.19"]
[Round "9"]
[White "Klocker, Benedikt"]
[Black "Rapport, Richard"]
[Result "1-0"]
[WhiteElo "2143"]
[BlackElo "2401"]
[PlyCount "67"]
[EventDate "2009.07.11"]
[EventType "swiss"]
[EventRounds "9"]
[EventCountry "AUT"]
[SourceTitle "CBM 131 Extra"]
[Source "ChessBase"]
[SourceDate "2009.09.03"]
[SourceVersion "2"]
[SourceVersionDate "2009.09.16"]
[SourceQuality "1"]

1. e4 c5 2. Nf3 d6 3. d4 cxd4 4. Nxd4 Nf6 5. Nc3 g6 6. Be3 Bg7 7. f3 0-0 8. Qd2 Nc6 9. Bc4 Nd7 10. 0-0-0 Nb6 11. Bb3 Na5 12. Qd3 Bd7 13. h4 Rc8 14. h5 Nbc4 15. hxg6 fxg6 16. Bh6 Bxh6+ 17. Rxh6 e5 18. Rdh1 exd4 19. Rxh7 Qg5+ 20. Kb1 Nxb3 21. cxb3 Nd2+ 22. Kc2 dxc3 23. bxc3 Nc4 24. bxc4 Ba4+ 25. Kb2 Qe5 26. f4 Rxf4 27. Rh8+ Kg7 28. Rxc8 Bc6 29. Rc7+ Kg8 30. Qh3 Rf2+ 31. Ka1 Rxa2+ 32. Kxa2 Qa5+ 33. Kb2 Qb6+ 34. Kc1 1-0

[Event "Oberwart op-A"]
[Site "Oberwart"]
[Date "2009.07.12"]
[Round "2"]
[White "Csonka, Attila Istvan"]
[Black "Klocker, Benedikt"]
[Result "0-1"]
[WhiteElo "2342"]
[BlackElo "2143"]
[PlyCount "62"]
[EventDate "2009.07.11"]
[EventType "swiss"]
[EventRounds "9"]
[EventCountry "AUT"]
[SourceTitle "CBM 131 Extra"]
[Source "ChessBase"]
[SourceDate "2009.09.03"]
[SourceVersion "2"]
[SourceVersionDate "2009.09.16"]
[SourceQuality "1"]

1. e4 c5 2. Nf3 d6 3. d4 cxd4 4. Nxd4 Nf6 5. Nc3 g6 6. Be3 Bg7 7. f3 0-0 8. Qd2 Nc6 9. Bc4 Bd7 10. Bb3 Rc8 11. h4 h5 12. 0-0-0 Ne5 13. Bg5 Rc5 14. Kb1 b5 15. g4 a5 16. gxh5 a4 17. h6 Bh8 18. h7+ Nxh7 19. Bd5 Nc4 20. Qg2 Nxb2 21. Be3 Rxd5 22. exd5 Nxd1 23. Rxd1 Qa5 24. Ne4 Qb4+ 25. Kc1 Rc8 26. h5 Bf5 27. Rd3 Qe1+ 28. Kb2 Qb4+ 29. Kc1 Qe1+ 30. Kb2 a3+ 31. Rxa3 Bxd4+ 0-1